Statistics for Countries with the fewest letters

Click here to take the quiz!

General Stats

  • This quiz has been taken 48 times
  • The average score is 22 of 34

Answer Stats

LettersCountry% Correct
4Peru
87%
4Chad
84%
4Iran
84%
4Iraq
84%
5China
82%
4Fiji
82%
4Oman
82%
5Yemen
82%
4Mali
79%
4Togo
79%
5Chile
68%
5India
66%
5Japan
66%
5Egypt
63%
4Laos
63%
5Tonga
63%
5Benin
61%
4Cuba
61%
5Haiti
61%
5Niger
61%
5Qatar
61%
5Italy
58%
5Spain
58%
5Kenya
55%
5Nepal
55%
5Samoa
55%
5Ghana
53%
5Sudan
50%
5Syria
50%
5Libya
42%
5Malta
42%
5Nauru
42%
5Gabon
39%
5Palau
37%

Score Distribution

Percentile by Number Answered

Percent of People with Each Score

Your Score History

You have not taken this quiz